000 01166nam0a22002771 4500
001 rc\2822940
005 20250529200157.0
035 _a(NLR Aleph) 006981294
090 _a5534187
_c5534187
100 _a20110622d1929 |||y0rusy50 ca
101 0 _arus
102 _aRU
105 _aab z |||||
200 1 _aНаш союз
_fК.А. Бялецкий, С.С. Кривцов, Э.Г. Кульман, М.П. Потемкин, И.Н. Хибарин и А.А. Яковлев
_gПод ред. С.С. Кривцова
_iДальневосточный край
210 _aМосква
_aЛенинград
_cМосковский рабочий
_d1929
_g7-я тип. "Искра революции" Мосполиграфа
215 _a155 с., [4] с. объявл.
_cил., карт.
_d17×13 см
300 _aОбложка: Н. П[еленкин]
700 1 _aБялецкий
_bК.А.
_gКонстантин Альфонсович
701 1 _aКривцов
_bС.С.
701 1 _aКульман
_bЭ.Г.
702 1 _aПеленкин
_bН.
_4570
801 0 _aRU
_bNLR
_gpsbo
801 1 _aRU
_bELAR
_2rusmarc
852 _aNLR
_j75/568
942 _cBOOK
980 _aNB